| 000 | 01320nam a2200253Ia 4500 | ||
|---|---|---|---|
| 003 | Ost | ||
| 005 | 20260507074901.0 | ||
| 008 | 260507s9999||||xx |||||||||||||| ||und|| | ||
| 020 | _a9957241508 | ||
| 040 | _cfsecg | ||
| 041 | _aara | ||
| 082 | _a545 | ||
| 100 |
_aالعاني، محمد جاسم محمد شعبان _eمؤلف |
||
| 245 | 0 |
_aأساليب التحليل الكمي في مجال التخطيط الحضري والإقليمي بين النظرية والتطبيق / _c محمد جاسم محمد شعبان العاني |
|
| 260 |
_aعمان: _bدار صفاء للنشر والتوزيع, _c2006 |
||
| 300 |
_a318 صفحة؛ _bإيضاحات ؛ _c25 سم |
||
| 504 | _aمراجع ص.314 | ||
| 520 | _a النماذج الرياضية والأساليب الكمية ودورها في صياغة وتفسير نظريات التنمية الإقليمية والتخطيط الإقليمي، النماذج والأساليب التحديدية واستخدماتها في التخطيط الحضري والإقليمي | ||
| 653 | _aالإحصاء - المعاملات الإرتباطية | ||
| 653 | _aالإقتصاد التحليلي | ||
| 653 | _aالتخطيط الإقليمي- الطرق الإحصائية | ||
| 653 | _aالكيمياء التحليلية | ||
| 942 | _cكتاب | ||
| 999 |
_c41654 _d41654 |
||